|
|
|
|
| LEADER |
02160nas a2200457 a 4500 |
| 001 |
c000183938 |
| 003 |
CARM |
| 005 |
20050718085706.0 |
| 008 |
770311c19509999gw bxzp b 0 b0ger u |
| 010 |
|
|
|a sn 86009330
|
| 019 |
1 |
|
|a 891774
|5 LACONCORD2021
|
| 022 |
|
|
|a 0077-7749
|
| 030 |
|
|
|a NEJPAP
|
| 035 |
|
|
|a (OCoLC)1759691
|5 LACONCORD2021
|
| 040 |
|
|
|a LC
|b eng
|c LC
|d LC
|
| 042 |
|
|
|a nsdp
|
| 210 |
0 |
|
|a Neues Jahrb. Geol. Paläontol., Abh
|
| 222 |
|
0 |
|a Neues Jahrbuch für Geologie und Paläontologie. Abhandlungen
|
| 245 |
0 |
0 |
|a Neues Jahrbuch für Geologie und Paläontologie. :
|b Abhandlungen.
|
| 260 |
|
|
|a Stuttgart, :
|b E. Schweizerbart'sche Verlagsbuchhandlung.
|
| 300 |
|
|
|a v. :
|b ill., maps (part fold.) ;
|c 24 cm.
|
| 310 |
|
|
|a Five issues yearly (average)
|
| 362 |
0 |
|
|a Bd. 92- ; 1950-
|
| 510 |
2 |
|
|a Coal abstracts
|x 0309-4979
|
| 510 |
2 |
|
|a Energy research abstracts
|x 0160-3604
|b Mar. 1982-
|
| 510 |
2 |
|
|a GeoRef
|x 0197-7482
|
| 546 |
|
|
|a Text in German, English or French; with abstracts in German and English.
|
| 650 |
|
0 |
|a Geology
|v Periodicals.
|
| 650 |
|
0 |
|a Paleontology
|v Periodicals.
|
| 780 |
0 |
2 |
|t Neues Jahrbuch für Mineralogie, Geologie und Paläontologie. Abhandlungen. Abt. B: Geologie - Paläontologie
|w (OCoLC)6271059
|
| 852 |
8 |
|
|b CARM
|h A2:AM19G0
|i C06661
|p 0249562
|f SE
|
| 852 |
8 |
|
|b CARM
|h A2:AM21G0
|i C06672
|p 0256626
|f SE
|
| 852 |
8 |
|
|b CARM
|h A2:AK35B0
|i B05493
|p 0256632
|f SE
|
| 852 |
8 |
|
|b CARM
|h A2:AK38B0
|i B05503
|p 0256855
|f SE
|
| 866 |
|
0 |
|a 144:3(1974:01)-182(1991)
|
| 866 |
|
0 |
|a 144:3(1974:01)-182(1991)
|
| 999 |
f |
f |
|i 348fc083-d2b4-55cb-9b6c-205235fe11a2
|s f89f2bf7-819d-5cd9-8fff-dd2f193a59f1
|
| 952 |
f |
f |
|p Can circulate
|a CAVAL
|b CAVAL
|c CAVAL
|d CARM 1 Store
|e C06661
|f A2:AM19G0
|h Other scheme
|i book
|k 145/146(1974)-161/162(1981/82)
|m 0249562
|
| 952 |
f |
f |
|p Can circulate
|a CAVAL
|b CAVAL
|c CAVAL
|d CARM 1 Store
|e B05503
|f A2:AK38B0
|h Other scheme
|i book
|k 144:3(1974:01)
|m 0256855
|
| 952 |
f |
f |
|p Can circulate
|a CAVAL
|b CAVAL
|c CAVAL
|d CARM 1 Store
|e C06672
|f A2:AM21G0
|h Other scheme
|i book
|k 180(1990)-182(1991)
|m 0256626
|
| 952 |
f |
f |
|p Can circulate
|a CAVAL
|b CAVAL
|c CAVAL
|d CARM 1 Store
|e B05493
|f A2:AK35B0
|h Other scheme
|i book
|k 163(1982)-179(1990)
|m 0256632
|